Los momentos y sus hombres / (Record no. 16626)

MARC details
000 -LEADER
campo de control de longitud fija 01168nam a2200349 i 4500
001 - NÚMERO DE CONTROL
campo de control 16626
003 - IDENTIFICADOR DE NÚMERO DE CONTROL
campo de control ES-MaACL
005 - FECHA Y HORA DE LA ÚLTIMA TRANSACCIÓN
campo de control 20250822035244.0
007 - CAMPO FIJO DE DESCRIPCIÓN FÍSICA--INFORMACIÓN GENERAL
campo de control de longitud fija t|
008 - DATOS DE LONGITUD FIJA--INFORMACIÓN GENERAL
campo de control de longitud fija 001020s1991 sp ||||0| spa d
016 7# - NÚMERO DE CONTROL DE UNA AGENCIA BIBLIOGRÁFICA NACIONAL
Número de control cancelado/no válido CEN920138376
020 ## - NÚMERO INTERNACIONAL ESTÁNDAR DEL LIBRO
Número Internacional Estándar del Libro 84-7509-708-1
040 ## - FUENTE DE CATALOGACIÓN
Centro catalogador/agencia de origen M-BN
Lengua de catalogación spa
Centro/agencia transcriptor CEN
080 ## - NÚMERO DE LA CLASIFICACIÓN DECIMAL UNIVERSAL
Número de la Clasificación Decimal Universal 929 Goffman, Erving
080 ## - NÚMERO DE LA CLASIFICACIÓN DECIMAL UNIVERSAL
Número de la Clasificación Decimal Universal 316.6
100 1# - ENTRADA PRINCIPAL--NOMBRE DE PERSONA
Nombre de persona Goffman, Erving.
9 (RLIN) 57590
245 14 - MENCIÓN DEL TÍTULO
Título Los momentos y sus hombres /
Mención de responsabilidad, etc. Erving Goffman ; textos seleccionados y presentados por Yves Winkin ; [traducción de Eloy Fuente Herrero (todo excepto texto 6),Luis Botella (texto 6)].
250 ## - MENCION DE EDICION
Mención de edición [1ª ed. ].
260 ## - PUBLICACIÓN, DISTRIBUCIÓN, ETC.
Lugar de publicación, distribución, etc. Barcelona :
Nombre del editor, distribuidor, etc. Paidós,
Fecha de publicación, distribución, etc. 1991.
300 ## - DESCRIPCIÓN FÍSICA
Extensión 231 p. :
Otras características físicas fot. ;
Dimensiones 22 cm.
490 1# - MENCIÓN DE SERIE
Mención de serie Paidós comunicación ;
Designación de volumen o secuencia 46
504 ## - NOTA DE BIBLIOGRAFÍA, ETC.
Nota de bibliografía, etc. Bibliografía : p. 215-221.
600 14 - PUNTO DE ACCESO ADICIONAL DE MATERIA--NOMBRE DE PERSONA
Nombre de persona Goffman, Erving-
Subdivisión general Biografías.
9 (RLIN) 57591
650 17 - PUNTO DE ACCESO ADICIONAL DE MATERIA--TÉRMINO DE MATERIA
Término de materia o nombre geográfico como elemento de entrada Psicología social
Fuente del encabezamiento o término embne
9 (RLIN) 16573
700 1# - ENTRADA AGREGADA--NOMBRE PERSONAL
Nombre de persona Winkin, Yves.
9 (RLIN) 117085
700 1# - ENTRADA AGREGADA--NOMBRE PERSONAL
Nombre de persona Botella, Luis.
9 (RLIN) 30748
700 1# - ENTRADA AGREGADA--NOMBRE PERSONAL
Nombre de persona Fuente Herrero, Eloy.
9 (RLIN) 52867
830 0# - PUNTO DE ACCESO ADICIONAL DE SERIE-TÍTULO UNIFORME
Título uniforme Paidós comunicación ;
Designación de volumen o secuencia 46
9 (RLIN) 177927
852 ## - LOCALIZACIÓN
Ubicación ES-MaACL
Número de control de estantería L-23854
Sublocalización o colección R.128780
Holdings
Estatus retirado Estado de pérdida Estado de daño No para préstamo Biblioteca de origen Biblioteca actual Ubicación en estantería Fecha de adquisición Fuente de adquisición Total de préstamos Signatura topográfica completa Código de barras Visto por última vez Precio de reemplazo Tipo de ítem Koha
        Biblioteca del Ateneo de Madrid Biblioteca del Ateneo de Madrid Depósito 2 17/01/2008     L-23854 1016888 23/02/2023 23/02/2023 Libro impreso